Southville International School and Colleges
Your cart is empty.
  • Cart
  • Lists
    Public lists Eva Luna New books Lux_list list_1
    Your lists Log in to create your own lists
  • Log in to your account
  • Your cookies
  • Search history
Southville International School and Colleges
  • Advanced search
  • Recent comments
  • Most popular
  • Libraries

Log in to your account

Log in with GOOGLE


If you do not have an external account, but do have a local account, you can still log in:

  1. Home
  2. MARC view: General zoology and human biology :
Normal view MARC view ISBD view

General zoology and human biology : (Record no. 117779)

[ view plain ]
MARC details
000 -LEADER
fixed length control field 00599nam a2200169Ia 4500
008 - FIXED-LENGTH DATA ELEMENTS--GENERAL INFORMATION
fixed length control field 140529s9999 xx 000 0 und d
020 ## - INTERNATIONAL STANDARD BOOK NUMBER
International Standard Book Number 9789710725625
050 ## - LIBRARY OF CONGRESS CALL NUMBER
Classification number QP 36
Item number .J62 2009
100 ## - MAIN ENTRY--PERSONAL NAME
Personal name Joaquin, Crescencia C.
245 ## - TITLE STATEMENT
Title General zoology and human biology :
Remainder of title 101 exercises to choose from /
Statement of responsibility, etc Cresencia C. Joaquin, Salvacion P. Angtuaco, Irma I. Buyson
260 ## - PUBLICATION, DISTRIBUTION, ETC. (IMPRINT)
Place of publication, distribution, etc Quezon City, Philippines :
Name of publisher, distributor, etc Vibal Publishing House, Inc.,
Date of publication, distribution, etc c2009.
300 ## - PHYSICAL DESCRIPTION
Extent 264 p. :
Other physical details ill. ;
Dimensions 27 cm.
500 ## - GENERAL NOTE
General note Includes bibliographical references.
521 ## - TARGET AUDIENCE NOTE
Target audience note
942 ## - ADDED ENTRY ELEMENTS (KOHA)
Call number prefix Local
Koha item type Books
Holdings
Withdrawn status Lost status Damaged status Home library Current library Shelving location Date acquired Total Checkouts Full call number Barcode Date last seen Price effective from Koha item type
      College Library College Library Filipiniana Section 05/30/2014   QP 36 .J62 2009 C17076 05/08/2018 05/30/2014 Books

General zoology and human biology :

APA

Joaquin C. C., . (2009). General zoology and human biology. Quezon City, Philippines: Vibal Publishing House, Inc.

Chicago

Joaquin Crescencia C, . 2009. General zoology and human biology. Quezon City, Philippines: Vibal Publishing House, Inc.

Harvard

Joaquin C. C., . (2009). General zoology and human biology. Quezon City, Philippines: Vibal Publishing House, Inc.

MLA

Joaquin Crescencia C, . General zoology and human biology. Quezon City, Philippines: Vibal Publishing House, Inc. 2009.

  • Place hold
  • Print
  • Cite
  • Add to your cart (remove)
  • Save record
    BIBTEX Dublin Core MARCXML MARC (non-Unicode/MARC-8) MARC (Unicode/UTF-8) MARC (Unicode/UTF-8, Standard) MODS (XML) RIS
  • More searches
    Search for this title in:
    Other Libraries (WorldCat) Other Databases (Google Scholar) Online Stores (Bookfinder.com) Open Library (openlibrary.org)

Exporting to Dublin Core...

SOUTHVILLE LIBRARY

Southville International School and Colleges Library

1281 Tropical Ave. Cor. Luxembourg St., BF Homes International, Las Pinas City

Tel. No. 8256374 / 252358 Loc. 117/146

Powered by Koha